| 000 | 00589nam a22002057a 4500 | ||
|---|---|---|---|
| 008 | 150408b xxu||||| |||| 00| 0 eng d | ||
| 020 | _a98135066 | ||
| 050 | _aLB1739.U58A244 | ||
| 100 |
_aUNISA _916957 |
||
| 245 |
_aAdulthood and maturity _c/by UNISA |
||
| 260 |
_aPretoria _bUniversity of South Africa _c2003 |
||
| 300 |
_ax,78p. ; _c30cm. |
||
| 650 |
_aTeacher training _xManuals _916958 |
||
| 650 |
_aAdults _916991 |
||
| 650 |
_aMaturation _916992 |
||
| 700 |
_aCronje, E.M. _916978 |
||
| 700 |
_aFerns, I. _916979 |
||
| 700 |
_aThom, P. _916993 |
||
| 942 |
_2lcc _cMONOGRAPH |
||
| 999 |
_c122600 _d122600 |
||